[Event "SUI-chT"]
[Site "Switzerland"]
[Date "1991.??.??"]
[Round "?"]
[White "Levacic, Damir"]
[Black "Huebner, Robert"]
[Result "0-1"]
[WhiteElo "2395"]
[BlackElo "2615"]
[Annotator "Huebner,R"]
[PlyCount "92"]
[EventDate "1991.??.??"]
[EventType "team-tourn"]
[EventRounds "9"]
[EventCountry "SUI"]
[SourceTitle "CBM 029"]
[Source "ChessBase"]
[SourceDate "1992.08.01"]
[SourceVersion "1"]
[SourceVersionDate "1992.08.01"]
[SourceQuality "1"]

1. d4 {120 Die Zahlen am Ende der Anmerkungen geben jeweils die bis zum 40.Zug
verbleibende Zeit in Minuten an.} Nf6 {120} 2. c4 {120} e6 {120} 3. Nf3 {119}
b6 {120} 4. Nc3 {119} Bb7 {120} 5. Bg5 {117} h6 {117} 6. Bh4 {116} Be7 {116} 7.
Qc2 {106} d5 {112} (7... O-O 8. e4 {Diese Folge ist unerfreulich für Schwarz.})
(7... c5 {ECO E [2.Auflage] 12/85} 8. Rd1 (8. d5 $2 Nxd5) (8. Bxf6 Bxf6 9. d5
exd5 10. cxd5 O-O {Mit schönem Spiel für Schwarz}) (8. e3 Bxf3 9. gxf3 cxd4 10.
exd4 Nc6 11. O-O-O O-O 12. Rg1 (12. d5 $2 exd5 13. cxd5 Nxd5) 12... d5 $132) (
8. O-O-O {Vgl. 8.Rd1}) (8. dxc5 bxc5 {Diese Zugfolge sieht am folgerichtigsten
aus. /\ 9.e4, 9.Rd1, 9.0-0-0 Weiß hat das bequemere Spiel.}) 8... Bxf3 (8...
Nc6 9. dxc5 bxc5 10. e4 {Schwarz hat keine bequeme Stellung.}) (8... O-O 9. e4
{Ebenfalls unbefriedigend für Schwarz.}) 9. gxf3 cxd4 10. Rxd4 Nc6 11. Rd1 O-O
12. Rg1 {Weiß entwickelt auf den offenen Turmlinien starken Druck.}) 8. e3 {100
} (8. cxd5 Nxd5 9. Nxd5 Bxd5 10. Bxe7 Qxe7 11. e4 Qb4+ 12. Nd2 Bc6 13. Qc3 (13.
Bc4 O-O $10 {><d4}) 13... Qxc3 14. bxc3 Ke7 $10) 8... O-O {108} (8... Nbd7 9.
cxd5 exd5 (9... Nxd5 $2 10. Nxd5 Bxd5 11. Bxe7 Qxe7 12. Qxc7 O-O 13. Ba6 {
Schwarz hat keine genügende Kompensation für den geopferten Bauern.}) 10. Bd3
O-O (10... Ne4 $2 11. Nxe4 Bxh4 12. Nxh4 Qxh4 13. Qxc7) 11. Bg3 {Diagramm
Schwarz kommt nicht zu Nf6-e4. Weiß behält einigen Druck.}) 9. Bxf6 {98} Bxf6 {
108} 10. cxd5 {98} exd5 {104} (10... Bxd5 11. Nxd5 Qxd5 12. Bd3 {Diese
Stellung ist unerfreulich für Schwarz.}) 11. Rd1 {N 97} (11. O-O-O c5 {ECO D[2.
Auflage] 58/2} 12. dxc5 (12. g4 cxd4 13. exd4 (13. Nxd4 Nc6 {Der Nachziehende
hat nichts zu befürchten.}) 13... g6 14. h4 Bg7 $10) 12... Bxc3 13. Qxc3 Nd7
14. c6 Bxc6 15. Kb1 Nc5 $10 16. b4 $2 Ba4) 11... Nd7 {97} 12. Be2 (12. Qb3 c6
13. Bd3 Be7 14. O-O Nf6 15. Ne5 Bd6 $10) (12. b4 Be7 13. b5 (13. a3 a5 14. Qb3
axb4 15. axb4 Nf6 {/\ 16... Qd6}) (13. Qb3 Nf6 {/\ 14... Qd6}) 13... Nf6 14.
Bd3 a6 15. a4 axb5 16. axb5 Qd6 {Schwarz kommt zu kräftigem Spiel auf der
a-Linie.}) (12. Bd3 Re8 $10 (12... c5)) 12... Qe7 {87} (12... c5 $6 13. dxc5
Bxc3+ (13... Nxc5 14. Nd4 $16) 14. bxc3 {/\ 15.c4}) (12... g6 $6 13. Qb3 c6 14.
e4 $16) (12... Be7 $6 13. Ne5 {Mit feinem Druckspiel für Weiß}) (12... Re8 {
Dieser Zug ist passiver als der Textzug, aber spielbar.}) 13. O-O {87} Rfc8 {73
} (13... c5 14. dxc5 Bxc3 15. c6 $16) 14. Rfe1 {79} c5 {Diagramm 69} 15. Qf5 {
70} (15. dxc5 Bxc3 {Dies führt zu gutem Spieil für Schwarz.} 16. Qxc3 (16. bxc3
Qxc5) 16... bxc5) (15. Bd3 Nf8 16. Bf5 (16. e4 $2 cxd4) 16... Rd8 (16... Ne6
17. Qb1 {Die Drohung 18.e4 ist lästig.}) 17. e4 {Auf neutrale Züge folgt 17...
g6. Zieht Weiß Bh3, so verliert er Einfluß auf das Feld e4; sonst folgt Ne6
mit befriedigender Stellung für Schwarz.} (17. dxc5 bxc5 18. Na4 (18. e4 Bxc3
$10) 18... g6 19. Bh3 c4 $13 {Diagramm}) 17... dxe4 18. Bxe4 (18. Nxe4 Bxd4)
18... Bxe4 19. Rxe4 Qc7 $10) 15... Qe6 {(?) 68} (15... g6 16. Qf4 (16. Qh3 Kg7
17. Bd3 Nf8 18. e4 (18. Bb1 Rd8 $10) 18... cxd4 19. Nxd5 Bxd5 20. exd5 Qc5 $17)
16... Kg7 17. Bd3 (17. dxc5 Bxc3 {Diese Zugfolge braucht Schwarz nicht zu
fürchten.}) 17... Nf8 18. e4 Ne6 19. Qg3 dxe4 20. Nxe4 Rd8 {Nach anderen Zügen
ist 21.Nd6 /\ 22.Nf5 lästig.} 21. dxc5 Nxc5 22. Nxc5 Qxc5 23. Ne5 Bxe5 (23...
Rd5 $2 24. Nxf7) 24. Qxe5+ Qxe5 25. Rxe5 Ba6 26. Bc2 Rxd1+ 27. Bxd1 Rc8 {
Weiß schwebt in Lebensgefahr.}) 16. Bd3 {67} (16. Qf4 Nf8 (16... g5 $6 17. Qg3
Bg7 {/\ f5} 18. Nb5) 17. Bd3 Ng6 18. Qg3 (18. Bxg6 fxg6 19. e4 {Diagramm} cxd4
(19... g5 20. Qf5 Qxf5 21. exf5 Rd8 {Schwarz hat Aussichten auf Vorteil.}) 20.
exd5 Qf7 21. Nxd4 Bxd5 22. Ndb5 Bxc3 $10) (18. Qf5 Qxf5 19. Bxf5 Rd8 {Mit
gutem Spiel für Schwarz.}) 18... Ne7 (18... Be7 19. Bxg6 (19. e4 Bd6 20. e5 Be7
{Schwarz hat keine Sorgen.}) 19... fxg6 20. Ne5 Kh7 21. e4 dxe4 22. d5 Qf5 23.
Nxe4 Rd8 $132) 19. e4 cxd4 20. exd5 (20. e5 $6 {Mit der lästigen Drohung 18.e4}
dxc3 21. Nd4 Bxe5) 20... Qd7 21. Bb5 Qd8 22. Ne4 Nxd5 23. Nd6 {Weiß gewinnt
Material.}) 16... Qxf5 {59} 17. Bxf5 {Weiß bot Remis an, Schwarz lehnte ab. 64}
Rd8 {58} 18. e4 {Diagramm 60} (18. g3 {/\ Bh3-g2 In diesem Fall wäre es für
Schwarz schwer, Fortschritte zu erzielen.}) 18... g6 {43} (18... dxe4 19. Nxe4
{Schwarz muß um das Remis kämpfen.}) (18... cxd4 19. Nxd5 {Schwarz muß um das
Remis kämpfen.}) 19. Bxd7 {54} (19. Bh3 dxe4 20. Nxe4 Bxe4 21. Rxe4 cxd4 {
/\ 22... Nc5 Diese Stellung ist für Weiß nicht erstrebenswert.}) 19... Rxd7 {43
} 20. e5 {48} (20. exd5 cxd4 21. Nxd4 Bxd5 $17) (20. dxc5 bxc5 {Diagramm} (
20... Bxc3 21. bxc3 bxc5 22. Ne5 Rdd8 23. Rb1 Rab8 24. exd5 Bxd5 25. Rxb8 Rxb8
26. Nd7 Rd8 27. Nf6+ Kg7 28. Nxd5 Rxd5 29. Kf1) 21. exd5 (21. Nxd5 Bxd5 22.
Rxd5 Rxd5 23. exd5 Bxb2 24. Re2 Bf6 25. Rc2 $10) 21... Bxc3 22. bxc3 Rxd5 $17)
20... Bg7 {41} (20... Be7 21. e6 fxe6 22. Rxe6 (22. Ne5 Rdd8 23. Nxg6 Bf6 24.
dxc5 (24. Rxe6 Bxd4) 24... bxc5 {Diagramm} 25. Nf4 {Der Nachziehende ist in
Schwierigkeiten.} (25. Rxe6 Kf7 26. Nf4 Bg5 27. Re5 (27. Re3 $2 d4) 27... Kf6
28. Rexd5 Bxd5 $10) 25... d4 26. Na4) 22... Kf7 23. Re2 (23. Rxg6 Kxg6 24. Ne5+
Kf5 25. Nxd7 Ke6 {Diese Zugfolge birgt für Weiß ein unerfreuliches Risiko.})
23... Bf6 24. Ne5+ Bxe5 25. Rxe5 $16) 21. dxc5 {44} bxc5 {40} 22. Ne4 {44} Rc7
{28} (22... Rc8 $6 23. Nd6 Rcc7 24. Rc1 Ba8 (24... Bf8 25. Ne8 $1) 25. Rc2 d4 (
25... Bxe5 $2 26. Rxe5 Rxd6 27. Re8+) 26. Nd2 {27.N2c4}) 23. Nd6 {35} (23. Nf6+
Bxf6 24. exf6 Rd8 {Hier hat nur Weiß Probleme.} (24... a5 {Auch hier hat nur
Weiß Probleme.})) 23... Rd8 {23} 24. Rc1 {24} Bf8 {Diagramm 23} 25. Nb5 {(?) 22
} (25. Nd4 a6 26. b4 c4 27. Nxb7 Rxb7 28. a3 Rc8 {Die Stellung des Anziehenden
ist ungemütlich.}) (25. b4 {Dies war die richtige Fortsetzung.} c4 (25... Bxd6
26. exd6 Rxd6 27. Rxc5 {/\ Nd4 Unerfreulich für Schwarz.}) 26. Nb5 (26. Nd4 {
Siehe 25.Nd4}) 26... Rcc8 27. a3 a6 28. Nbd4 a5 29. bxa5 Bxa3 30. Rb1 Ba8 {
Diagramm Weiß scheint die bequemere Stellung zu haben, doch aufgrund der
Möglichkeit c4-c3 erhält Schwarz Gegenchancen.}) 25... Rc6 {22} 26. Nc3 $17 {19
} Kg7 {19} 27. h4 {(?) Hiermit schafft sich Weiß nur Schwächen. 17} (27. h3)
27... Be7 {Diagramm 19} 28. h5 $2 {14} (28. g3 {Riskant >< Nf3}) (28. Kh2 {
/\ 29.Kg3}) 28... gxh5 {17} 29. Ne2 {/\ Ng3-f5 14} (29. b3 {Dieser Zug ist
besser.}) 29... h4 {16} 30. Nf4 {14} Bg5 {15} 31. Nxg5 $2 $19 {10} (31. g3 {
Dieser Zug bot die letzte Chance auf einigen Widerstand.}) 31... hxg5 {15} 32.
Nh5+ {9} Kg6 {15} 33. Nf6 {9} c4 {Diagramm 14} (33... d4 $2 34. Ne4 {/\ 35.Nd6}
) 34. Red1 {7} Rb6 {11} (34... Re6 35. Rxc4 dxc4 36. Rxd8 Rxe5 37. Ng4 {
Weiß hat Aussichten zu überleben.}) 35. Rd2 {6} (35. Rxc4 dxc4 36. Rxd8 Rxb2 {
Der schwarze c-Bauer wird übermächtig.} 37. g4 hxg3 38. fxg3 Kf5) 35... Kf5 {10
} 36. Re1 {3} Re6 {9} 37. f4 {3} (37. Rde2 d4 $19) 37... gxf4 {7} 38. Nh5 {3}
Rxe5 {6} 39. Rf1 {3} Re4 {5} 40. Rdf2 {3} Ke5 {2} 41. Nxf4 Bc8 42. Kh2 Be6 43.
Nh5 d4 44. Nf6 Re3 45. Nh7 {/\ 46.Ng5} Rg8 46. Nf6 Rg6 0-1

[Event "Candidates qf Kasparov-Beliavsky+4-1=4"]
[Site "Moscow"]
[Date "1983.03.13"]
[Round "7"]
[White "Kasparov, Garry"]
[Black "Beliavsky, Alexander G"]
[Result "1/2-1/2"]
[WhiteElo "2690"]
[BlackElo "2570"]
[Annotator "Kasparov,G"]
[PlyCount "42"]
[EventDate "1983.02.27"]
[EventType "match"]
[EventRounds "9"]
[EventCountry "URS"]
[SourceTitle "Candidates"]
[Source "ChessBase"]
[SourceDate "1999.07.01"]
[SourceVersion "2"]
[SourceVersionDate "1999.07.01"]
[SourceQuality "1"]

1. d4 d5 2. c4 e6 3. Nc3 Nf6 4. cxd5 exd5 5. Bg5 Be7 6. e3 h6 7. Bh4 O-O 8. Bd3
b6 9. Nf3 Bb7 10. O-O Ne4 11. Bxe7 Qxe7 12. Ne5 (12. Qb3) 12... Nd7 13. f4 Nxe5
(13... Ndf6 $6 14. Nxe4 dxe4 15. Bc4 Nd5 16. Bxd5 $1 Bxd5 17. f5 $40) 14. fxe5
c5 15. Qe1 $1 Rad8 16. Rd1 $1 Qg5 $6 (16... f6 17. Bxe4 $5 dxe4 18. exf6 Rxf6
19. Rxf6 Qxf6 20. dxc5 bxc5 21. Rxd8+ Qxd8 22. Na4 $16) 17. Rf3 $6 (17. Qe2
$142) (17. h4 $5 Qh5 18. Ne2 $1) 17... f6 18. exf6 cxd4 $1 (18... Nxf6 19. Rf5
Qg6 20. Rxd5 Qg4 $1 21. h3 $1 Qxd1 22. Qxd1 Nxd5 23. Nxd5 Bxd5 24. e4 $1 {
/\ 25.d5 +/-}) (18... Nxc3 $2 19. h4 $3 Qg4 20. bxc3 Rxf6 21. Rxf6 gxf6 22. Be2
$16) 19. exd4 Rde8 $1 (19... Nxf6 20. Qe7 $1 Rd7 21. Qe6+ Rdf7 22. Rg3 Bc8 $1
23. Rxg5 Bxe6 24. Re5 $16) 20. Bb5 $1 (20. Nxe4 dxe4 21. f7+ Rxf7 22. Bc4 Bd5
23. Rxf7 Bxf7) (20. h4 Qg6 $1 21. Nxe4 dxe4 22. f7+ Rxf7 23. Bc4 exf3 24. Qxe8+
Kh7 25. Bd3 Qxd3 $1 26. Rxd3 f2+ 27. Kf1 Bxg2+ $19) 20... Rd8 $3 (20... Re6 21.
Nxe4 Rxe4 (21... dxe4 22. Rg3 Qxb5 23. Rxg7+ Kh8 24. Rxb7 Rexf6 25. h3 {+/-/+-}
) 22. Qf2 $1 (22. Qc3 Rxf6 23. Rxf6 Qxf6 24. Qc7 Qf4 $1 $10) 22... Rxf6 23.
Rxf6 Qxf6 24. Qxf6 gxf6 25. Rc1 Re7 (25... Rxd4 $2 26. Rc7 Rd1+ 27. Kf2 Rd2+
28. Kg3 Rxb2 29. a4 $1 a6 30. Bd7 $18) 26. Kf2 $16) 21. Bd3 Rde8 (21... Rde8
22. Bxe4 dxe4 23. Re3 Qxf6 24. d5 Kh8 25. h3 Re7 $1 (25... Ba6 $2 26. Rxe4 Rxe4
27. Qxe4 Qf2+ 28. Kh1 $1 Qxb2 29. d6 $1 Bc8 30. Qd4 $1 $16) 26. Rxe4 (26. Rd2
Rfe8 $10 {(>< e4)--(>< d5)}) 26... Rxe4 27. Nxe4 (27. Qxe4 Qf2+ 28. Kh1 Qxb2)
27... Qxb2 28. Nd6 Ba6 29. Nf7+ $5 Kg8 30. d6 Qe2 $1 $10) 1/2-1/2

[Event "Candidates qf Kasparov-Beliavsky+4-1=4"]
[Site "Moscow"]
[Date "1983.02.27"]
[Round "1"]
[White "Kasparov, Garry"]
[Black "Beliavsky, Alexander G"]
[Result "1/2-1/2"]
[WhiteElo "2690"]
[BlackElo "2570"]
[Annotator "Kasparov,G"]
[PlyCount "128"]
[EventDate "1983.02.27"]
[EventType "match"]
[EventRounds "9"]
[EventCountry "URS"]
[SourceTitle "Candidates"]
[Source "ChessBase"]
[SourceDate "1999.07.01"]
[SourceVersion "2"]
[SourceVersionDate "1999.07.01"]
[SourceQuality "1"]

1. d4 Nf6 2. c4 e6 3. Nc3 d5 4. cxd5 exd5 5. Bg5 Be7 6. e3 h6 7. Bh4 O-O 8. Bd3
b6 9. Nf3 Bb7 10. O-O c5 11. Ne5 Nc6 $6 12. Ba6 $1 Qc8 13. Bxb7 Qxb7 14. Bxf6
Bxf6 15. Ng4 Bd8 16. Nxd5 Nxd4 $1 17. Ndf6+ $1 Bxf6 18. Nxf6+ gxf6 19. exd4
cxd4 20. Qxd4 Kg7 21. Rac1 $6 (21. Rad1 $142 Rg8 $1 22. Rd3 Kh7 23. g3 Qc6 24.
Rfd1 Rae8 25. Qf4 $1 {[%csl Rf6,Rf7,Rh6]}) 21... Rac8 22. Qg4+ Kh7 23. Qf4 Rg8
$1 24. Qf5+ Kg7 25. h4 $2 {[%csl Rh4]} (25. h3 $142 Rge8 26. Qg4+ Kh7 27. Qf4
Kg7 28. Rxc8 Qxc8 29. Rc1 Re4 $4 30. Qg3+ $18) 25... Rge8 26. Qg4+ Kh7 27. Qf4
Kg7 28. Rxc8 Qxc8 29. Rd1 (29. Rc1 Re4 $1) 29... Qe6 (29... Rd8 30. Rc1 Rd4 $10
) 30. Rd3 Qe1+ 31. Kh2 Qe5 32. Rg3+ Kh7 33. Qc4 (33. Qg4 f5 34. Qh5 Qf6 35. Rg5
Re5 36. g4 fxg4 37. Rxe5 Qxf2+ 38. Kh1 Qf1+ $10) 33... Qe6 34. Qd4 Qf5 $1 35.
Qc4 Qe6 36. Qc7 Qe7 37. Qc6 Qe6 38. Qb7 Qe7 39. Qd5 Qe6 40. Qh5 Rd8 $1 41. Re3
Rd5 $1 (41... Qd5 $6 42. Qe2 $16) 42. Qf3 (42. Rxe6 $5 Rxh5 43. Re4 $14) 42...
Qf5 43. Qxf5+ (43. Qg3 Rd4 $10) 43... Rxf5 44. Kg3 Kg6 45. Re7 Ra5 46. a3 Rb5
47. b4 a5 48. Re4 Rd5 49. f3 h5 50. Kf4 Rd3 51. a4 f5 52. Rc4 axb4 53. Rxb4 f6
54. Kg3 Rd6 $10 55. Kf2 Re6 56. g3 Kg7 57. Rc4 Kg6 58. Rc8 Re5 59. Ra8 Kg7 60.
Ra6 b5 61. f4 Rc5 62. Ra7+ Kg6 63. a5 b4 64. a6 b3 1/2-1/2

[Event "Yerevan Zonal"]
[Site "Yerevan"]
[Date "1981.02.??"]
[Round "4"]
[White "Psakhis, Lev"]
[Black "Geller, Efim P"]
[Result "0-1"]
[WhiteElo "2500"]
[BlackElo "2615"]
[Annotator "Kharitonov,A"]
[PlyCount "48"]
[EventDate "1982.02.??"]
[EventType "tourn"]
[EventRounds "15"]
[EventCountry "URS"]
[EventCategory "12"]
[SourceTitle "MCL"]
[Source "ChessBase"]
[SourceDate "1999.07.01"]
[SourceVersion "1"]
[SourceVersionDate "1999.07.01"]
[SourceQuality "1"]

1. d4 d5 2. c4 e6 3. Nc3 Be7 4. Nf3 Nf6 5. Bg5 h6 6. Bh4 O-O 7. e3 b6 8. Bxf6
Bxf6 9. cxd5 exd5 10. Qd2 Be6 $1 (10... Bb7 11. Rd1 (11. b4 c5 12. bxc5 bxc5
13. dxc5 Qa5 14. Rc1 {/\Nb5+/=/})) 11. Rd1 Qe7 $1 (11... Be7 12. a3 c6 13. g3
Qc8 14. Bg2 Bh3 15. O-O Bxg2 16. Kxg2 Nd7 $14 {Petrosian,T-Huebner,R/Sevilja(m/
2)/1971/0,5 (42)}) 12. g3 c5 $1 (12... Nd7 13. Bg2 Rfd8 14. O-O (14. Ng1 $5 {
/\Ne2-f4/}) 14... Rac8 15. Rc1 c5 {Giorgadze,T-Geller,E/Erevan(zt)/1982/0,5 
(15)}) 13. dxc5 $6 (13. Bg2 $142 Nc6 14. O-O cxd4 15. Nxd4 Nxd4 16. exd4 Qd7
$10) 13... Rd8 $1 (13... Bxc3 14. Qxc3 bxc5 15. Bg2 Nd7 (15... d4 16. Qa3 Bc4
$2 17. Nd2) 16. O-O $14) 14. cxb6 $2 (14. Bg2 bxc5 15. O-O Nc6 $15) 14... d4 $1
$17 15. Bg2 (15. Nxd4 Bxd4 16. exd4 Bd5+ $19) (15. exd4 Bd5+ $19) (15. Ne2 Qb7
16. Bg2 dxe3 17. Qxe3 Rxd1+ 18. Kxd1 axb6 $19) (15. Ne4 Bd5 16. Nxf6+ Qxf6 17.
Qxd4 Qxf3 18. b7 Rd7 $1 19. Qa4 (19. bxa8=Q Bxa8 $19) (19. Bb5 Qxh1+ 20. Kd2
Qxd1+ 21. Kxd1 Bf3+ $19) 19... Qxd1+ $1 20. Qxd1 Bxh1 21. f3 Rxd1+ 22. Ke2 Rd2+
23. Kxd2 Bxf3 $19 {Geller/}) 15... Nc6 16. Nxd4 (16. Ne4 dxe3 17. Qxe3 Rxd1+
18. Kxd1 axb6 $17) 16... Nxd4 17. exd4 (17. Bxa8 Rxa8 18. exd4 Bd5+ 19. Qe2
Bxh1 20. Qxe7 Bxe7 21. bxa7 Rxa7 $17) 17... Bh3+ 18. Kf1 Rxd4 19. Qe3 (19. Qxd4
$142 Bxd4 20. Rxd4 Qf6 21. Rf4 (21. Rd3 Qf5 22. Re3 axb6 23. Bxh3 Qxh3+ 24. Ke2
b5 25. a3 b4 26. axb4 Qg4+ $17) 21... Qc6 22. Rg1 (22. f3 g5 $19) 22... Bxg2+
23. Rxg2 axb6 $17) 19... Qb7 $1 $19 20. f3 (20. Rg1 Rxd1+ 21. Nxd1 Rd8 22. Nc3
Bxg2+ 23. Rxg2 Bxc3 24. bxc3 Qa6+ $1 25. Ke1 Qxa2 $19) 20... Rxd1+ 21. Nxd1
Qa6+ 22. Kg1 Rd8 23. Nf2 Bd4 24. Qe1 Bxf2+ $1 (24... Bxf2+ 25. Qxf2 Rd1+) (
24... Bxf2+ 25. Kxf2 Qxb6+ 26. Qe3 (26. Kf1 Bc8 $1 27. Qc3 Ba6+ 28. Ke1 Qe6+
29. Kf2 Qe2+ 30. Kg1 Rd1+ $19) 26... Rd2+ $19) 0-1

[Event "Linares-03"]
[Site "Linares"]
[Date "1981.01.26"]
[Round "8"]
[White "Portisch, Lajos"]
[Black "Spassky, Boris Vasilievich"]
[Result "1/2-1/2"]
[WhiteElo "2650"]
[BlackElo "2635"]
[Annotator "Kharitonov,A"]
[PlyCount "51"]
[EventDate "1981.01.17"]
[EventType "tourn"]
[EventRounds "11"]
[EventCountry "ESP"]
[EventCategory "13"]
[SourceTitle "MCL"]
[Source "ChessBase"]
[SourceDate "1999.07.01"]
[SourceVersion "1"]
[SourceVersionDate "1999.07.01"]
[SourceQuality "1"]

1. c4 e6 2. Nc3 d5 3. d4 Be7 4. Nf3 Nf6 5. Bg5 h6 6. Bh4 O-O 7. e3 b6 8. Rc1
Bb7 9. Be2 dxc4 10. Bxc4 Nbd7 (10... a6 $5 11. a4 (11. O-O b5 12. Bd3 Nbd7 {
/\c5=/}) 11... Nbd7 12. O-O Ne4 13. Nxe4 Bxe4 14. Bg3 c5 15. d5 exd5 16. Bxd5
Bxd5 17. Qxd5 Ra7 18. Rfd1 Qa8 $1 19. Qb3 Qb7 20. Bd6 Re8 {Loginov,
V-Kharitonov,A/URS/1985/0,5 (20)}) 11. O-O c5 12. Qe2 Ne4 13. Nxe4 (13. Bxe7
Qxe7 14. Ba6 (14. Nxe4 Bxe4 15. Ba6 Rfd8 $10) 14... Nxc3 15. Rxc3 Nf6 16. Bxb7
Qxb7 17. dxc5 Ne4 $10) 13... Bxh4 (13... Bxe4 14. Bg3 $14) 14. Nc3 (14. Nd6
Bxf3 15. Qxf3 Be7 $10) 14... Be7 $5 (14... Bf6 $6 15. Rfd1 Qe7 16. Ba6 $1 Rab8
17. Bxb7 Rxb7 18. Ne4 cxd4 19. exd4 $1 $14 {Alekhin,A-Bogoljubov,E/Bad Nauheim/
1937/1:0 (56)/}) 15. Rfd1 Qc7 (15... cxd4 $2 16. Nxd4 {/\Ne6+-/}) 16. d5 (16.
dxc5 $5 bxc5 $1 (16... Bxc5 17. Nb5 $16) (16... Nxc5 $2 17. b4 $1 $16) 17. Ba6
Nb6 18. Bxb7 Qxb7 19. Nd2 $14) 16... exd5 17. Bxd5 (17. Nxd5 $5 Bxd5 18. Bxd5
Rad8 $14) 17... Nf6 18. Bxb7 Qxb7 19. e4 Rad8 20. e5 Nh7 21. Qc4 (21. e6 Bf6
$10) 21... Rfe8 22. Nd5 (22. e6 Bf6 23. exf7+ Qxf7 $10) 22... Nf8 $1 23. Ne3
Bg5 $1 24. Rxd8 (24. Nxg5 hxg5 $13) 24... Rxd8 25. Rd1 b5 $1 26. Qe2 (26. Qxc5
$2 Bxe3 $19) (26. Qe2 Rxd1+ 27. Nxd1 Ne6 28. Nc3 a6 29. Qd1 $10) 1/2-1/2

[Event "Linares-03"]
[Site "Linares"]
[Date "1981.01.25"]
[Round "7"]
[White "Kavalek, Lubomir"]
[Black "Gligoric, Svetozar"]
[Result "1/2-1/2"]
[WhiteElo "2550"]
[BlackElo "2530"]
[Annotator "Kharitonov,A"]
[PlyCount "41"]
[EventDate "1981.01.17"]
[EventType "tourn"]
[EventRounds "11"]
[EventCountry "ESP"]
[EventCategory "13"]
[SourceTitle "MCL"]
[Source "ChessBase"]
[SourceDate "1999.07.01"]
[SourceVersion "1"]
[SourceVersionDate "1999.07.01"]
[SourceQuality "1"]

1. d4 Nf6 2. c4 e6 3. Nf3 d5 4. Nc3 Be7 5. Bg5 h6 6. Bh4 O-O 7. e3 b6 8. Bd3
Bb7 9. O-O Nbd7 10. Qe2 c5 11. Rfd1 (11. Rad1 Ne4 12. Bg3 Nxg3 13. hxg3 cxd4
14. Nxd4 Nf6 $1 15. Bc2 Bb4 $15 {Shestoperov,A-Kharitonov,A/Smolensk/1991/0,5 
(20)/}) 11... Ne4 12. Bg3 (12. Bxe7 Qxe7 13. cxd5 Nxc3 14. bxc3 exd5 $10) 12...
Nxg3 13. hxg3 cxd4 14. exd4 (14. Nxd4 Nf6 15. Rac1 (15. cxd5 Nxd5 16. Nxd5 Qxd5
17. Nf3 Qa5 $15) 15... Bb4 16. Bb1 Rc8 17. cxd5 Bxc3 $1 18. Nc6 Qe8 19. bxc3
Bxc6 20. dxc6 Qxc6 $17 {Drasko,M-Lputian,S/JUG/1985/0:1 (37)/}) 14... dxc4 15.
Bxc4 Nf6 16. Rac1 (16. Ne5 Bb4 $1 17. Rac1 Bxc3 (17... Qe7 $5) 18. bxc3 Qc7 19.
Bb3 Nd7 20. Ng4 Rfe8 21. c4 Rad8 $13 {Kharitonov,A-Lengyel,L//Sochi/1981/1:0 
(43)/}) 16... Bb4 17. Ne5 Qe7 18. Bd3 Rac8 19. Ne4 Nxe4 (19... Nd5 20. Bb5 $10)
20. Bxe4 Bd6 21. Nc6 (21. Nc6 Bxc6 22. Bxc6 Rc7 23. Be4 $10) (21. Nc6 Qd7 22.
Ne5 Qe7 23. Nc6 $10) 1/2-1/2

[Event "Linares-03"]
[Site "Linares"]
[Date "1981.01.17"]
[Round "1"]
[White "Ljubojevic, Ljubomir"]
[Black "Kavalek, Lubomir"]
[Result "1/2-1/2"]
[WhiteElo "2605"]
[BlackElo "2550"]
[Annotator "Kharitonov,A"]
[PlyCount "37"]
[EventDate "1981.01.17"]
[EventType "tourn"]
[EventRounds "11"]
[EventCountry "ESP"]
[EventCategory "13"]
[SourceTitle "MCL"]
[Source "ChessBase"]
[SourceDate "1999.07.01"]
[SourceVersion "1"]
[SourceVersionDate "1999.07.01"]
[SourceQuality "1"]

1. d4 Nf6 2. c4 e6 3. Nf3 d5 4. Nc3 Be7 5. Bg5 O-O 6. e3 h6 7. Bh4 b6 8. Qc2
Bb7 9. Bxf6 Bxf6 10. cxd5 exd5 11. Be2 (11. O-O-O c5 12. dxc5 Nd7 $13) 11...
Nd7 (11... c5 12. Rd1 $13) (11... Qe7 $5 {/\Rd8,c5/}) 12. O-O Qe7 (12... Re8 $5
{/\Nf8/}) 13. Rfd1 Rfd8 14. Ne1 (14. Rac1 $5) 14... c5 $1 $10 15. Bf3 (15. dxc5
Nxc5 16. Nf3 Rac8 $10) 15... cxd4 16. exd4 Nf8 17. Qb3 Ne6 $1 18. Nc2 Rac8 19.
Re1 (19. Nxd5 $2 Bxd5 20. Bxd5 Rxd5 21. Qxd5 Rxc2 $17) (19. Re1 {/\Rad1,Bg4/})
1/2-1/2

[Event "Groningen PCA"]
[Site "Groningen"]
[Date "1993.??.??"]
[Round "1"]
[White "Yermolinsky, Alex"]
[Black "Beliavsky, Alexander G"]
[Result "0-1"]
[WhiteElo "2605"]
[BlackElo "2635"]
[Annotator "Kharitonov,A"]
[PlyCount "64"]
[EventDate "1993.12.??"]
[EventType "swiss"]
[EventRounds "11"]
[EventCountry "NED"]
[SourceTitle "CBM 039"]
[Source "ChessBase"]
[SourceDate "1994.04.01"]
[SourceVersion "1"]
[SourceVersionDate "1994.04.01"]
[SourceQuality "1"]

1. d4 Nf6 2. Nf3 d5 3. c4 e6 4. Nc3 Be7 5. Bg5 h6 6. Bh4 O-O 7. e3 b6 8. Bd3
Bb7 9. O-O Nbd7 10. Bg3 $5 c5 (10... Ne4 $6 11. Bxe4 $1 dxe4 12. Nd2 f5 13. Nb5
$1 $16 {Zaichik,G-Petrosian,A/Moscow/1987/1:0 (33)/}) 11. cxd5 $146 (11. Qe2
Ne4 12. cxd5 exd5 13. Rad1 Nxg3 (13... Ndf6 $5) (13... Nxc3 $5) 14. hxg3 Qc7
15. Bc2 Rad8 $6 (15... Nf6 $5 $13 16. dxc5) 16. dxc5 Nxc5 17. Nd4 $16 {
Vyzmanavin,A-Geller,E/Sochi/1989/1:0 (38)/}) 11... Nxd5 (11... exd5 $6 12. Ne5
$14) 12. Rc1 (12. e4 Nb4 13. Be2 cxd4 14. Nxd4 Nc5 $10) (12. Nxd5 Bxd5 13. e4
Bb7 $10) 12... cxd4 13. exd4 $6 (13. Nxd4 $5 $10) 13... Rc8 (13... N7f6 $5) 14.
Bb1 N7f6 15. Be5 Nxc3 $1 16. Rxc3 (16. bxc3 Qd5 17. Qd3 Qc4 18. Qc2 Be4 $17)
16... Qd5 $17 (16... Rxc3 17. bxc3 Qd5 18. Qd3 Rc8 $17) 17. Re3 Rfd8 18. Rfe1
Qb5 19. Nd2 (19. b3 Nd5) (19. Rb3 Qa4) 19... Nd7 $1 (19... Qxb2 $4 20. Rb3 Qa1
21. Bh7+ $18) 20. a4 (20. Bg3 Qxb2) 20... Qa5 $1 (20... Qb4 $2 21. Rb3 Qxa4 (
21... Qa5 22. Rb5 $13) 22. Bxg7 $18) 21. Nc4 $2 (21. Bg3 Nf8 22. Nf3 $17) 21...
Qb4 $1 (21... Rxc4 $2 22. Qd3) (21... Qd5 $2 22. Be4) 22. Qd3 g6 23. b3 Nxe5
24. Rxe5 Bf6 $19 25. Rxe6 Rxd4 $2 (25... fxe6 26. Qxg6+ Bg7 27. Qxe6+ (27. Qh7+
Kf8 28. Rxe6 Rc7 $19) (27. Rf1 Qe7 $19) (27. Kf1 Ba6 28. Qxe6+ Kh8 29. Qg6
Bxc4+ 30. bxc4 Qxc4+ 31. Kg1 Qg8 $19) 27... Kh8 28. Rf1 Bd5 29. Qg6 Bg8 $19)
26. Qg3 $2 (26. Re8+ $1 Kg7 27. Qc2 $17) 26... fxe6 27. Qxg6+ Bg7 28. Kf1 Ba6
29. Qxe6+ Kh8 30. Qf5 Bxc4+ 31. bxc4 Qxe1+ $1 32. Kxe1 Re8+ (32... Re8+ 33. Kf1
Rd1#) 0-1